000 00716nam a2200229Ia 4500
005 20220701115445.0
008 210716s2009 xx 000 0 und d
020 _a9788177585568
040 _cAIMIT LIBRARY
041 _aeng
082 _a005.74
_28
_bDATC
100 _aDate, C J.
_946454
245 _aIntroduction to database systems /
_cBy C. J. Date , A. Kannan and S. Swamynathan.
250 _a8th ed.
260 _aNew Delhi :
_bPearson Education ,
_c2009 .
300 _axxxii, 931p. ;
_bPB
_c23 cm.
650 _aDatabase system architecture
_946455
650 _aSemantic modeling
_946470
700 _aKannan, A.
_946471
700 _aSwamynathan, S.
_946472
942 _2ddc
_cBK
_e8th
_k005.74 DATC
999 _c190814
_d190814